00222nam a2200085Ia 4500245002300000100004600023942000700069008004100076999001900117 0aOp 'n vreemde weg  a FERREIRA. J F. Pretoria. 1994 988270 cBK210825s9999 xx 000 0 und d c480889d480888